000 00626cam a22002173a 4500
001 45058
003 PGUSA
005 20140828084029.0
008 140305s2014||||xxu|||||s|||||000 | eng d
040 _aPGUSA
_beng
042 _adc
100 1 _aVerne, Jules,
_d1828-1905
245 1 0 _aLes tribulations d'un chinois en Chine
_h[electronic resource] /
_cJules Verne
260 _bProject Gutenberg,
_c2014
506 _aPublic domain in the USA.
516 _aElectronic text
700 1 _aBenett, Léon,
_d1838-1917
830 0 _aProject Gutenberg
_v45058
856 4 0 _uhttp://www.gutenberg.org/ebooks/45058
942 _cEB
999 _c274309
_d274309